Riesgos qum̕icos Condiciones de salud por exposicin̤ a sustancias qum̕icas /

Bibliographic Details
Main Author: Paredes Montoya, Jorge Enrique
Other Authors: Millǹ Estupiǹ̨, Juan Carlos
Format: Microfilm eBook
Language:Spanish
Published: Bogot:̀ Ediciones de la U, 2019
Subjects:
Online Access:Acceso restringido

MARC

LEADER 00000nam a22000007a 4500
005 20210618012531.0
007 hr|||| |||||
008 210618s2019 co |||||s|||| 00||0 spa d
020 |a 978-958-762-931-6 
035 |a 33438 
040 |a vLex 
090 |c 11820  |d 11820 
100 1 |a Paredes Montoya, Jorge Enrique 
245 1 0 |a Riesgos qum̕icos  |h [Recurso electrn̤ico] :  |b Condiciones de salud por exposicin̤ a sustancias qum̕icas /  |c Jorge Enrique Paredes Montoya, Juan Carlos Millǹ Estupiǹ̨ 
256 |a Servicio en ln̕ea 
260 |a Bogot:̀  |b Ediciones de la U,  |c 2019 
300 |a 1 recurso electrn̤ico 
500 |a En el desarrollo de la actividad laboral que se lleva a cabo en los centros de trabajo (sector formal e informal) se presentan eventos de salud ocupacional (enfermedad laboral, accidente de trabajo, enfermedad general) que afectan a la poblacin̤ trabajadora. Existen factores de riesgo qum̕ico, fs̕ico, biolg̤ico, psicosocial, biomecǹico, a los cuales hay que aplicarles medidas de prevencin̤, proteccin̤ y saneamiento bs̀ico, pero de todos estos riesgos, el que se estima que suscita mayores peligros es el intercambio con las sustancias qum̕icas. El props̤ito fundamental de esta obra es el de presentar los efectos nocivos que sobre la salud, en primera instancia de los trabajadores y luego en la poblacin̤ en general, por la extraccin̤, procesamiento y manipulacin̤ de los elementos por parte del ser humano. 
506 1 |a Disponible solo en los productos indicados  |d vLex Global  |d vLex Global (Academic Edition, excluding Law Schools)  |d vLex Global (U.S. Academic Edition, Law Schools)  |d vLex Global (U.S. Academic Edition, excluding Law Schools)  |d vLex Global (Academic Edition, Law Schools) 
650 0 4 |a Seguridad y Salud Laboral  |z Colombia 
700 1 |a Millǹ Estupiǹ̨, Juan Carlos 
740 0 |a vLex Libros (Servicio en ln̕ea) 
856 4 0 |u https://vlex.com/source/riesgos-quimicos-condiciones-de-salud-por-exposicion-a-sustancias-quimicas-33438  |z Acceso restringido 
942 |c BOOK 
999 0 |a Occupational Health & Safety